Headaches: (Record no. 192102)

MARC details
000 -LEADER
fixed length control field 00564nam a22001817a 4500
005 - DATE AND TIME OF LATEST TRANSACTION
control field 20220912115703.0
010 ## - LCCN (DPL NO)
LC control number ENG-135022
020 ## - INTERNATIONAL STANDARD BOOK NUMBER
International Standard Book Number 9789386809131
Terms of availability 35.00
035 ## - SYSTEM CONTROL NUMBER
System control number EN-118554
037 ## - SOURCE OF ACQUISITION
Source of stock number/acquisition DBAD/PUB
082 ## - DEWEY DECIMAL CLASSIFICATION NUMBER
Classification number 616.8491
100 ## - MAIN ENTRY--PERSONAL NAME
Personal name Chandrashekar, C.R.
245 ## - TITLE STATEMENT
Title Headaches:
Remainder of title Causes and Remedies/
Statement of responsibility, etc C.R. Chandrashekar
260 ## - PUBLICATION, DISTRIBUTION, ETC. (IMPRINT)
Place of publication, distribution, etc Bengaluru
Name of publisher, distributor, etc Navakarnataka Publications Private Limited
Date of publication, distribution, etc 2018
270 ## - ADDRESS
Address Embassy Centre, Crescent Road
City Bengaluru
Postal code 560001
300 ## - PHYSICAL DESCRIPTION
Extent 36p.
Dimensions 18cm(pbk)
942 ## - ADDED ENTRY ELEMENTS (KOHA)
Source of classification or shelving scheme Dewey Decimal Classification
Item type English Books
Classification part 616.8491
Call number suffix CHA
Holdings
Withdrawn status Lost status Not for loan Collection code Home library Current library Date acquired Source of acquisition Cost, normal purchase price Full call number Barcode Copy number Cost, replacement price Koha item type
    Not For Loan Non-fiction D.B.Act.Division D.B.Act.Division 12/09/2022 DBAD/PUB 35.00 616.8491 CHA EN-118554 1 35.00 English Books

© Delhi Public Library
Hit Counter
free hit counter